|
|
|
|
| LEADER |
00000nam0a2200000 4500 |
| 001 |
311214 |
| 005 |
20231102002350.0 |
| 020 |
|
|
|a RU
|b 82-20005
|
| 035 |
|
|
|a (RuTPU)RU\TPU\book\336571
|
| 090 |
|
|
|a 311214
|
| 100 |
|
|
|a 20151204d1982 k y0rusy5003 ca
|
| 101 |
0 |
|
|a rus
|
| 102 |
|
|
|a BY
|
| 105 |
|
|
|a a z 001zy
|
| 200 |
1 |
|
|a Введение в математическую лингвистику : лингвистическое приложение основ математики
|f М. М. Лесохин, К. Ф. Лукьяненков, Р. Г. Пиотровский
|g Академия наук Белорусской ССР (АН БССР)
|
| 210 |
|
|
|a Минск
|c Наука и техника
|d 1982
|
| 215 |
|
|
|a 263 с.
|
| 320 |
|
|
|a Библиогр.: с. 249-260
|
| 606 |
1 |
|
|a Математическая лингвистика
|2 stltpush
|3 (RuTPU)RU\TPU\subj\41204
|9 61012
|
| 610 |
1 |
|
|a математические модели
|
| 610 |
1 |
|
|a естественные языки
|
| 610 |
1 |
|
|a лексические системы
|
| 610 |
1 |
|
|a семантика
|
| 610 |
1 |
|
|a машинный перевод
|
| 610 |
1 |
|
|a смысл
|
| 610 |
1 |
|
|a распознавание
|
| 610 |
1 |
|
|a искусственные языки
|
| 610 |
1 |
|
|a вероятность
|
| 610 |
1 |
|
|a неопределенность
|
| 610 |
1 |
|
|a речевое сообщение
|
| 610 |
1 |
|
|a информация
|
| 686 |
|
|
|a Ш1вб
|2 rubbk
|
| 700 |
|
1 |
|a Лесохин
|b М. М.
|g Михаил Моисеевич
|
| 701 |
|
1 |
|a Лукьяненков
|b К. Ф.
|g Кузьма Федорович
|
| 701 |
|
1 |
|a Пиотровский
|b Р. Г.
|g Раймонд Генрихович
|
| 712 |
0 |
2 |
|a Академия наук Белорусской ССР (АН БССР)
|c (1936-1991)
|2 stltpush
|3 (RuTPU)RU\TPU\col\1973
|
| 801 |
|
0 |
|a RU
|b RuMRKP
|c 19950704
|g psbo
|
| 801 |
|
1 |
|a RU
|b 63413507
|c 20151204
|
| 801 |
|
2 |
|a RU
|b 63413507
|c 20180925
|g RCR
|
| 942 |
|
|
|c BK
|